Конструктивные и электрические характеристики отечественных и зарубежных кабелей связи: [обзор]; Вып. 1

Dettagli Bibliografici
Autore principale: Гроднев И. И. Игорь Измаилович
Altri autori: Моряков Г. С.
Lingua:russo
Pubblicazione: Москва, ИНФОРМСТАНДАРТЭЛЕКТРО, 1967
Soggetti:
Natura: MixedMaterials Libro
KOHA link:https://koha.lib.tpu.ru/cgi-bin/koha/opac-detail.pl?biblionumber=133483

MARC

LEADER 00000nam0a2200000 4500
001 133483
005 20231031135333.0
035 |a (RuTPU)RU\TPU\book\144672 
090 |a 133483 
100 |a 20080318d1967 km y0rusy50 ca 
101 0 |a rus 
102 |a RU 
105 |a a z 000zy 
200 1 |a Конструктивные и электрические характеристики отечественных и зарубежных кабелей связи  |e [обзор]  |f И. И. Гроднев, Г. С. Моряков  |h Вып. 1 
210 |a Москва  |c ИНФОРМСТАНДАРТЭЛЕКТРО  |d 1967 
215 |a 66 с.  |c ил. 
610 1 |a кабели связи 
610 1 |a электрические характеристики 
610 1 |a конструктивные характеристики 
675 |a 621.39.052  |v 3 
700 1 |a Гроднев  |b И. И.  |g Игорь Измаилович 
701 1 |a Моряков  |b Г. С. 
801 1 |a RU  |b 63413507  |c 20071127  |g PSBO 
801 2 |a RU  |b 63413507  |c 20080915  |g PSBO 
942 |c BK